Представление документа в формате RUSMARC

ПолеНазваниеЗначение
  Тип записи a
  Библиографический уровень a
001 Контрольный номер RU/CBS_UL/BASE/e03b16fc0a5f4d07800a64640c6e0600
005 Дата корректировки 20240925183152.5
100 Данные общей обработки __
a Данные общей обработки 20240925 ||| 0rusy0189 ca
101 Язык документа 0_
a Язык текста rus
102 Страна публикации __
a Страна публикации RU
200 Заглавие и сведения об ответственности 1_
a Заглавие Где расположен Валаамский архипелаг?
e Сведения, относящиеся к заглавию [о Валаамском архипелаге]
300 Общие примечания __
a Общие примечания 16+
461 Уровень набора _0
1 2000
a Вокруг света
463 Уровень физической единицы _0
1 2000
a № 5
v С. 99 : фот.
1 2101
d 2023
1 001RU/CBS_UL/BASE/b2f096ee3e3746f89d59d42f3faa7993
606 Тематические рубрики 0_
a Основная рубрика Краеведение - Валаамские острова (Ладожское озеро)
y Географическая подрубрика Валаамские острова (Ладожское озеро)
y Географическая подрубрика Валаам, остров (Ладожское озеро)
y Географическая подрубрика Ладожское озеро (Северо-Запад Европейской части РФ)
610 Ключевые слова 0_
a Ключевые слова архипелаги
610 Ключевые слова 0_
a Ключевые слова острова
610 Ключевые слова 0_
a Ключевые слова озёра
610 Ключевые слова 0_
a Ключевые слова краеведение
686 Индексы других классификаций __
2 Код системы rubbk
a Классификационный индекс 26.89(2Рос)
801 Источник записи _0
a Страна RU
b Организация МБУК ЦБС г. Ульяновска
c Дата составления 20240925
g Правила каталогизации RCR
801 Источник записи _1
a Страна RU
b Организация МБУК ЦБС г. Ульяновска
c Дата составления 20240925
g Правила каталогизации RCR
901 Тип документа __
t Тип документа b
w Контрольный № источника RU/CBS_UL/BASE/b2f096ee3e3746f89d59d42f3faa7993
909 Создатель записи __
a Создатель записи lib1